Factors influencing the English performance of the freshman students of Baras national high school (Record no. 132)

MARC details
000 -LEADER
fixed length control field 00343nam a22001097a 4500
082 ## -
-- 428
-- F11
100 1# - MAIN ENTRY--PERSONAL NAME
Personal name Carigma,Annielyn B.
245 ## - TITLE STATEMENT
Title <a href="Factors influencing the English performance of the freshman students of Baras national high school">Factors influencing the English performance of the freshman students of Baras national high school</a>
260 ## - PUBLICATION, DISTRIBUTION, ETC. (IMPRINT)
Place of publication, distribution, etc Morong,Rizal
Name of publisher, distributor, etc [publisher not identified]
Date of publication, distribution, etc 2003
300 ## - PHYSICAL DESCRIPTION
Extent 42 pages ;
Dimensions 28 cm.
942 ## - ADDED ENTRY ELEMENTS (KOHA)
Koha item type Theses and dissertations
Holdings
Withdrawn status Damaged status Not for loan Collection code Home library Current library Date acquired Total Checkouts Full call number Barcode Date last seen Price effective from Koha item type
      Non-fiction Morong College Library Morong College Library 12/11/2014   428 F11 URSMOR-CL-01091 12/11/2014 02/27/2019 Theses and dissertations

University of Rizal System
Email us at univlibservices@urs.edu.ph

Visit our Website www.urs.edu.ph/library